000 01775nam0a2200325 i 4500
001 RU\NLR\BIBL_A\010753332
005 20241101213858.0
010 _a9785927512881
_9100
021 _aRU
_b2015-24348
_91441
035 _a(NILC)RuMoRGB-007900622
035 _a(NLR Aleph) 010753332
090 _a9950679
_c9950679
100 _a20150515d2014 um y0rusy50 ca
101 0 _arus
102 _aRU
105 _aab||j|||001yy
200 1 _aОсновы гидродинамики океана
_eучебник
_eдля студентов высших учебных заведений, обучающихся по направлениям "Гидрометеорология" и "Прикладная гидрометеорология" по профилю "Океанология" учебнику "Основы гидродинамики океана"
_fС. М. Хартиев, А. Р. Иошпа
_gФедер. гос. автоном. образоват. учреждение высш. проф. образования "Юж. федер. ун-т"
210 _aРостов-на-Дону
_cИзд-во Южного федерального университета
_d2014
215 _a234, [5] с.
_cил.
_d20
320 _aБиблиогр.: с. 233 (18 назв.)
606 _aДинамика моря
_jУчебники для высших учебных заведений
_91014857
_3RU\NLR\AUTH\6669245
686 1 _aД221.3я73-1
700 1 _aХартиев
_bС. М.
_gСергей Михайлович
701 1 _aИошпа
_bА. Р.
_gАлександр Рувимович
801 0 _aRU
_bРГБ
_c20150331
_gRCR
801 1 _aRU
_bРГБ
_c20150331
_2rusmarc
942 _cBOOK
980 _aNBR